000 00618njm a2200229Ia 4500
008
020 _a9781785940095 (hbk.)
049 _aMAIN
090 _aQC137.5
_bMAR
100 _aMartin,Guy.
245 1 0 _aSpeed:
_bhow to make things really go fast. /
_cMartin Guy.
300 _a255 p. :
_bill. (some col.) ;
_c26 cm.
500 _aIncludes index.
650 0 _aAircraft.
650 0 _aPedal power.
650 _aIndoor snow.
907 _a.b10390236
_b09-03-18
_c07-03-18
003
005 20230123141108.0
040 _cNUST
942 _cBOOKS
_kQC137.5
_mMAR
999 _c167594
_d167594